Návrh zásad výživovej a potravinovej politiky

Potreba vypracovania Koncepcie výživovej a potravinovej politiky v súlade s Národným programom podpory zdravia. Návrh zásad výživovej a potravinovej politiky. Charakteristika zásady 1-5.

Salvato in:
Dettagli Bibliografici
Natura: Capitolo di libro
Lingua:slovacco
Soggetti:
Tags: Aggiungi Tag
Nessun Tag, puoi essere il primo ad aggiungerne!!

MARC

LEADER 00000naa a2200000 4500
001 r014220
005 20221213122716.2
041 0 |a slo 
044 |a SK 
245 1 0 |a Návrh zásad výživovej a potravinovej politiky 
520 |a Potreba vypracovania Koncepcie výživovej a potravinovej politiky v súlade s Národným programom podpory zdravia. Návrh zásad výživovej a potravinovej politiky. Charakteristika zásady 1-5. 
610 2 0 |a výživa 
610 2 0 |a obyvateľstvo 
610 2 0 |a potraviny 
610 2 0 |a politika poľnohospodárska